00552 2200217 4500001002100000005001500021035002000036007000300056008004100059020002200100082000800122084001400130100003100144245003500175250001100210260003800221300002100259600003500280856000800315990001100323INLIS00000000000037820260413091117 a0010-0426000037ta260413 0  a978-602-1243-32-9 a297 a297 ABU k0 aABU BAKAR JABIR AL-JAZAIRI1 aKHUTBAH JUM'AT PILIHAN SETAHUN aketiga aSOLO :bFATIHA PUBLISHING,c20-17 a524 hlm ;c25 cm 4aKHUTBAH JUM'AT PILIHAN SETAHUN a300 a35.115